| 000 | 00840nam a2200181 a 4500 | ||
|---|---|---|---|
| 008 | 100114s1987 ||||||||||||||||| || u | ||
| 050 | _aCTA(02) | ||
| 110 | _aTechnical Centre for Agricultural and Rural Cooperation (CTA) | ||
| 245 | 1 | 0 |
_aWest African regional programme to reduce post harvest losses of fish. _cThe Technical Centre for Agricultural and Rural Cooperation(CTA) |
| 260 |
_aEde-Wageningen, The Netherlands: _bCTA _c1987 |
||
| 300 | _aiii, 50p. | ||
| 350 | _a0.00 | ||
| 490 | _aThe Technical Centre for Agricultural and Rural Cooperation(CTA) | ||
| 500 | _aDraft proposal-1st revision july 1987 | ||
| 650 | _aFARMING | ||
| 650 | _aFISH FARMING--WEST AFRICA | ||
| 995 |
_D0.00 _FCBU-MAIN LIBRARY (Kitwe) _H1 _I0.00 _M1 _UAVAILABLE _WJan 14, 2010 _ZInternational Publications |
||
| 999 |
_c61599 _d61599 |
||